Normal view
MARC view
- Obesity.
Entry Topical Term
001 - CONTROL NUMBER
- control field: 49590
003 - CONTROL NUMBER IDENTIFIER
- control field: OSt
005 - DATE AND TIME OF LATEST TRANSACTION
- control field: 20231010100537.0
008 - FIXED-LENGTH DATA ELEMENTS
- fixed length control field: 231010|| aca||aabn | a|a d
040 ## - CATALOGING SOURCE
- Original cataloging agency: OSt
- Transcribing agency: OSt
150 ## - HEADING--TOPICAL TERM
- Topical term or geographic name entry element: Obesity.
670 ## - SOURCE DATA FOUND
- Source citation: Work cat.: (OSt): Sun, Xiaodi. author. 49588, Consumers' perception of reduced calorie meals : , November-December 2020.
